Score 0/20 Timer 05:00
1 Play Today
% Correct
Rock → Sock → Sick
97.5%
Cook → Cork → Fork
95.3%
Roof → Rook → Hook
91.3%
Cake → Cape → Tape
90.8%
Seat → Meat → Melt
90.3%
Sing → Wing → Wink
90.1%
Lime → Lice → Dice
89%
Soup → Soap → Slap
88.5%
Bank → Bark → Park
87.9%
Mask → Mark → Mary
87.9%
% Correct
Puck → Duck → Dunk
87.6%
Milk → Silk → Sink
87.5%
Bone → Bond → Pond
82%
Wine → Pine → Pink
78.7%
Maze → Mace → Race
74.8%
Pope → Pore → Gore
63.4%
Head → Herd → Nerd
54%
Bass → Bars → Mars
51.2%
Shop → Ship → Chip
44%
Saab → Stab → Stan
41%
Remove Ads.
Support Sporcle.
Get the best of Sporcle when you Go Orange. This ad-free experience offers more features, more stats, and more fun while also helping to support Sporcle. Thank you for becoming a member.

You're not logged in!

Compare scores with friends on all Sporcle quizzes.
OR
Log In

Sporcle TV

Today on Sporcle TV


Watch our educational content, quiz creation guides, and fun videos on Sporcle TV.

Show Comments

Extras

Top Quizzes Today


Score Distribution

Paid Content

Your Account Isn't Verified!

In order to create a playlist on Sporcle, you need to verify the email address you used during registration. Go to your Sporcle Settings to finish the process.

Report this User

Report this user for behavior that violates our Community Guidelines.

Details: